书目信息 |
| 题名: |
深层次解读
|
|
| 作者: | 赵红新, 著 | |
| 分册: | ||
| 出版信息: | 成都 电子科技大学出版社 2019.06 |
|
| 页数: | 244页 | |
| 开本: | 24cm | |
| 丛书名: | ||
| 单 册: | ||
| 中图分类: | I561.06 , I712.06 | |
| 科图分类: | ||
| 主题词: | 英国文学--ying guo wen xue--文学研究 , 文学研究--wen xue yan jiu--美国 | |
| 电子资源: | ||
| ISBN: | 978-7-5647-7221-5 | |
| 000 | 01287nam0 2200289 450 | |
| 001 | CAL 0120192875374 | |
| 005 | 20230217093112.0 | |
| 010 | @a978-7-5647-7221-5@dCNY69.00 | |
| 100 | @a20191029d2019 em y0chiy0120 ea | |
| 101 | 0 | @achi |
| 102 | @aCN@b510000 | |
| 105 | @ay a 000yy | |
| 106 | @ar | |
| 200 | 1 | @a深层次解读@Ashen ceng ci jie du@e英美文学作品的叙事与文体研究@f赵红新著 |
| 210 | @a成都@c电子科技大学出版社@d2019.06 | |
| 215 | @a244页@d24cm | |
| 314 | @a赵红新, 毕业于东南大学语言学及应用语言学专业。 | |
| 320 | @a有书目 (第242-244页) | |
| 330 | @a本书是国内外首部将后经典叙事理论与事理论与传统和现代叙事理论结合起来进行探讨的专著。本书上篇探讨传统英美小说叙事理论, 中篇关注现代英美小说叙事理论, 下篇则聚焦于20世纪90年代以业的北美后经典小说叙事理论。上篇和中篇所采用的把小说家叙事观点与创作实践相结合的研究方法同以往的研究相比有所创新, 对英美不同小说叙事传统的对比研究也构成了一种新的途径。 | |
| 517 | 1 | @a英美文学作品的叙事与文体研究@Aying mei wen xue zuo pin de xu shi yu wen ti yan jiu |
| 606 | 0 | @a英国文学@Aying guo wen xue@x文学研究 |
| 606 | 0 | @a文学研究@Awen xue yan jiu@y美国 |
| 690 | @aI561.06@v5 | |
| 690 | @aI712.06@v5 | |
| 701 | 0 | @a赵红新,@Azhao hong xin@f1979-@4著 |
| 801 | 0 | @aCN@bBJXHZP@c20230228 |
| 905 | @b1391802-5@dI561.06@e1420@f4 | |
| 深层次解读:英美文学作品的叙事与文体研究/赵红新著.-成都:电子科技大学出版社,2019.06 |
| 244页;24cm |
| ISBN 978-7-5647-7221-5:CNY69.00 |
| 本书是国内外首部将后经典叙事理论与事理论与传统和现代叙事理论结合起来进行探讨的专著。本书上篇探讨传统英美小说叙事理论, 中篇关注现代英美小说叙事理论, 下篇则聚焦于20世纪90年代以业的北美后经典小说叙事理论。上篇和中篇所采用的把小说家叙事观点与创作实践相结合的研究方法同以往的研究相比有所创新, 对英美不同小说叙事传统的对比研究也构成了一种新的途径。 |
| ● |
| 相关链接 |
|
|
|
|
正题名:深层次解读
索取号:I561.06/1420
 
预约/预借
| 序号 | 登录号 | 条形码 | 馆藏地/架位号 | 状态 | 备注 |
| 1 | 1391802 | 213918028 | 第一样本阅览室/ [索取号:I561.06/1420] | 在馆 | |
| 2 | 1391803 | 213918037 | 第二借阅区/ [索取号:I561.06/1420] | 在馆 | |
| 3 | 1391804 | 213918046 | 第二借阅区/ [索取号:I561.06/1420] | 在馆 | |
| 4 | 1391805 | 213918055 | 第二借阅区/ [索取号:I561.06/1420] | 在馆 |